000 00555nam a2200181Ia 4500
999 _c23121
_d23121
003 OSt
005 20200515090749.0
008 190216s9999||||xx |||||||||||||| ||und||
020 _a9789675062995
040 _coclc
082 _a297.577
_bGHA/M
100 _aAl - Ghazali
_92196
245 0 _aMarriage And Sexuality In Islam /
_cAl - Ghazali
260 _bIslamic Book Trust,
_c2012.
_aKuala Lumpur:
300 _a177p
650 0 _aHistory & geography
_vIslamic History
_92271
942 _cBK
_2ddc
_h297.577
_iGHA/M
_k297.577
_mGHA/M